| 000 | 00381nam a2200109Ia 4500 | ||
|---|---|---|---|
| 008 | 170221s9999 xx 000 0 und d | ||
| 100 | _aJessica Tyndall | ||
| 245 | 4 | _aThe Delaware Arbitration Experiment: Not Just a “Secret Court” | |
| 245 | _cJessica Tyndall | ||
| 650 | _xBusiness | ||
| 856 | _uhttp://digitalcommons.pepperdine.edu/cgi/viewcontent.cgi?article=1099&context=jbel | ||
| 999 |
_c307874 _d307874 |
||